Statistics for Biggest Urban Areas in the UK Quiz

Click here to take the quiz!

General Stats

  • This quiz has been taken 116,330 times
    (100,990 since last reset)
  • The average score is 13 of 24

Answer Stats

Population City or Town % Correct
9,480,600London
100%
1,876,200Manchester
96%
787,600Liverpool
91%
2,419,500Birmingham
87%
1,199,629Glasgow
86%
420,893Edinburgh
83%
346,100Cardiff
78%
751,500Leeds
77%
829,300Newcastle
73%
671,600Belfast
70%
691,000Bristol
64%
810,000Sheffield
57%
362,100Southampton
54%
640,900Nottingham
53%
520,000Portsmouth
44%
480,000Leicester
44%
522,500Bradford
29%
423,300Reading
28%
372,900Stoke
27%
465,200Middlesbrough
22%
378,800Bournemouth
21%
356,500Preston
15%
422,500Huddersfield
12%
344,900Southend
9%

Score Distribution

Percentile by Number Answered

Percent of People with Each Score

Your Score History

You have not taken this quiz since the last reset